000 00962nam a2200253Ia 4500
003 OSt
005 20221005104418.0
006 a|||||r|||| 00| 0
007 ta
008 221004b |||||||| |||| 00| 0 hin d
020 _a9788126320318 (hbk)
_c425
024 _a105730
037 _b0/00971-D5, 18/03/2011, Bharatiya Gyanpith
_cTextual
040 _aCRL
_cCRL
_bhin
041 _2hin
_ahin
082 _aO44(Y5927):g(Y), 152Q0
100 _aठाकुर, हरिनारायण
245 0 _aदलित साहित्य का समाजशास्त्र
246 _aDalit sāhitya kā samājashāstra
260 _aदिल्ली
_bभारतीय ज्ञानपीठ भारत
_c2010
300 _a554पृ0
_ccm.
942 _hO44(Y5927):g(Y), 152Q0
_cTEXL
_2cc
999 _c1012643
_d1012643